00833nas a2200241Ia 4500001001600000003001000016008004100026040002500067041001200092100001700104210001000121222001000131240008600141245008600227250001100313260000900324501012300333300001300456362001800469500003000487650004600517700002800563A09/R105-29357 IT-MiCISF161014c99999999xx |||||||||||| ||und|| aIT-MiCISFcIT-MiCISF aTEDESCO aKruse Ulrich aDajeb aDajeb aKleine Geschichte der Deutschen Arbeitsgemeinschaft für Jugend- und Eheberatung 0aKleine Geschichte der Deutschen Arbeitsgemeinschaft für Jugend- und Eheberatung a1a ed. c1999 bCISF - Centro Internazionale Studi Famiglia - Via Giotto, 36 20145 MILANO (non commercial uses only)cCopyright 2016 app. 5-49 amaggio [1999] a Tema: consultori, storia aFAMIGLIA - consulenza familiarevarticolo a Schall Traugott Ulrich